Univ. prof. PhDr. Andrej Čuma, CSc. výberová bibliografia (1959-1997)

Bibliographic Details
Other Authors: Lukáč, Eduard, 1965- (Compiler)
Format: Book
Language:Slovak
PhysicalDescription:[34] s. čiernobiele fototogr. 20x15 cm
Published: Prešov Prešovská univerzita 1998
ISBN:8088885183
Series:Fontes / Prešovská univerzita
Subjects:

MARC

LEADER 00000cam a2200000 a 4500
001 vtls001418197
003 SK-MaSNL
005 20260331204054.0
008 251029s1998 xo a rb 000 0 slo
015 |a SNBSAB2001-00018 
020 |a 8088885183 
035 |a SNK000372997 
035 |a urn:nbn:sk:snk-amjd2e 
035 |a urn:nbn:sk:snk-am002kv2 
035 |a 01626007-9647-4352-8079-7E3B3A61AB14 
040 |a SNK  |b slo  |c SNK  |e AACR2 
041 0 |a slo 
044 |a xo  |c SK 
080 |a 378.124:929:012  |2 1981 
080 |a 929 Čuma, Andrej  |2 1981 
080 |a 378.124  |2 1981 
080 |a 012  |2 1981 
100 1 |a Lukáč, Eduard,  |d 1965-  |4 com  |9 10600 
245 1 0 |a Univ. prof. PhDr. Andrej Čuma, CSc.  |b výberová bibliografia (1959-1997)  |c [zostavil: Eduard Lukáč] 
260 |a Prešov  |b Prešovská univerzita  |c 1998 
300 |a [34] s.  |b čiernobiele fototogr.  |c 20x15 cm 
490 1 |a Fontes / Prešovská univerzita  |v t. 4 
500 |a 100 výt. 
504 |a Lit. 82 zázn. o čl. a kn. v čes., slov. 
600 1 7 |a Čuma, Andrej,  |d 1927-1998  |2 SNK  |9 119304 
655 7 |a bibliografie  |2 SNK  |9 28668 
710 0 |a Prešovská univerzita v Prešove  |4 pbl  |9 177485 
830 0 |a Fontes / Prešovská univerzita  |9 298192 
919 |a 80-88885-18-3 
958 |a TL 
958 |a SF 
999 |c 554207  |d 556137 
952 |t P60, <09>, [BOOK], {629}  |a SNK  |b SNK  |y NEVYP  |7 0  |o snkC 431  |i snk729/20010815  |0 0  |1 0  |4 0  |d 2001-08-14  |l 0  |r 2005-01-02 00:00:00  |w 2026-02-23 
952 |t P60, <03>, [BOOK], {603}  |a SNK  |b SNK  |y PREZ  |7 0  |p 17A0310990  |o snkSD 71742  |i snkKSP 9571/2001  |0 0  |1 0  |4 0  |d 2001-08-14  |l 0  |r 2005-01-02 00:00:00  |w 2026-02-23 
952 |t P60, <04>, [BOOK], {604}  |a SNK  |b SNK  |y VYP  |7 0  |p 17A0310989  |o snkSD 71742 D1  |i snkKSP 9572/2001  |0 0  |1 0  |4 0  |d 2001-08-14  |f 1  |l 0  |r 2005-01-02 00:00:00  |w 2026-02-23